[Event "8th RTU Open 2018"]
[Site "Riga"]
[Date "2018.08.09"]
[Round "5"]
[White "Sergienko, Sergey"]
[Black "Garriga Cazorla, Pere"]
[Result "1/2-1/2"]
[WhiteElo "2327"]
[BlackElo "2444"]
[Annotator "NA"]
[PlyCount "140"]
[EventDate "2018.08.06"]
[EventType "swiss"]
[EventCountry "LAT"]
[SourceTitle "playchess.com"]
[Source "ChessBase"]
[SourceQuality "1"]
[TimeControl "5400+30"]

1. Nf3 {[%emt 0:00:00]} c5 {[%emt 0:00:00]} 2. e4 {[%emt 0:00:00]} Nc6 {[%emt 0:00:00]} 3. Bb5 {[%emt 0:00:07]} g6 {[%emt 0:00:00]} 4. Bxc6 {[%emt 0:00:12]} bxc6 {[%emt 0:00:04]} 5. O-O {[%emt 0:00:10]} Bg7 {[%emt 0:00:02]} 6. Re1 {[%emt 0:00:09]} Nh6 {[%emt 0:00:11]} 7. c3 {[%emt 0:00:17]} O-O {[%emt 0:00:08]} 8. d4 {[%emt 0:00:05]} cxd4 {[%emt 0:00:04]} 9. cxd4 {[%emt 0:00:07]} d5 {[%emt 0:00:06]} 10. e5 {[%emt 0:00:27]} f6 {[%emt 0:00:06]} 11. h3 {[%emt 0:03:00]} fxe5 {[%emt 0:04:26]} 12. Nxe5 {[%emt 0:05:12]} Qb6 {[%emt 0:01:10]} 13. Bxh6 {[%emt 0:47:06]} Bxh6 {[%emt 0:02:18]} 14. b3 {[%emt 0:00:19]} Rf4 {[%emt 0:23:50] LiveBook: 3 Games} 15. Nf3 {[%emt 0:00:53]} Bf5 {[%emt 0:00:28]} 16. Nbd2 {[%emt 0:08:54]} Rf8 $14 {[%emt 0:02:17]} 17. Rxe7 {[%emt 0:06:56]} Bg7 {[%emt 0:22:54]} 18. Qe2 {[%emt 0:03:07]} Bxd4 {[%emt 0:04:28]} 19. Rc1 {[%emt 0:04:21]} Bf6 {[%emt 0:03:36]} 20. Re8 {[%emt 0:01:48]} Qc7 {[%emt 0:04:11]} 21. Re1 {[%emt 0:05:26]} Bd7 {[%emt 0:06:42]} 22. Rxf8+ {[%emt 0:01:41]} Kxf8 {[%emt 0:00:02]} 23. g3 {[%emt 0:01:31]} Rb4 {[%emt 0:00:48]} 24. Qe3 {[%emt 0:00:33]} Kg8 {[%emt 0:02:39]} 25. h4 {[%emt 0:01:30]} Rb8 {[%emt 0:01:37]} 26. Ng5 {[%emt 0:01:26]} Bf5 {[%emt 0:03:30]} 27. Ndf3 {[%emt 0:01:45]} c5 {[%emt 0:07:29]} 28. Ne6 {[%emt 0:01:18]} Qc6 {[%emt 0:00:42]} 29. Qxc5 {[%emt 0:01:52]} Qxc5 {[%emt 0:00:07]} 30. Nxc5 {[%emt 0:00:04]} Rc8 {[%emt 0:00:02]} 31. Ne6 {[%emt 0:01:23]} Rc3 {[%emt 0:01:06]} 32. Nfd4 {[%emt 0:01:07]} Be4 {[%emt 0:01:14]} 33. f3 {[%emt 0:00:23]} Bd3 {[%emt 0:01:41]} 34. Kf2 {[%emt 0:00:40]} Ba6 {[%emt 0:00:38]} 35. Rd1 {[%emt 0:00:33]} Bb7 {[%emt 0:02:23]} 36. Rd2 {[%emt 0:00:55]} Kf7 {[%emt 0:00:40]} 37. Nf4 {[%emt 0:00:35]} Rc8 {[%emt 0:02:24]} 38. Nfe2 {[%emt 0:00:13]} Be7 {[%emt 0:00:45]} 39. Rc2 {[%emt 0:00:38]} Bc5 {[%emt 0:00:02]} 40. Ke1 {[%emt 0:00:50]} Ke7 {[%emt 0:00:43]} 41. Kd1 {[%emt 0:00:26]} Kd7 {[%emt 0:00:28]} 42. b4 {[%emt 0:01:14]} Bd6 {[%emt 0:02:18]} 43. Rxc8 {[%emt 0:00:05]} Bxc8 {[%emt 0:00:01]} 44. a3 {[%emt 0:00:25]} a5 {[%emt 0:01:05]} 45. bxa5 {[%emt 0:00:32]} Bxa3 {[%emt 0:00:01]} 46. Kc2 {[%emt 0:00:14]} Bb4 {[%emt 0:00:11]} 47. Nb3 {[%emt 0:00:56]} Ba6 {[%emt 0:00:06]} 48. Nf4 {[%emt 0:00:08]} Bc4 {[%emt 0:02:25]} 49. Nd3 {[%emt 0:01:16]} Bxb3+ {[%emt 0:01:06]} 50. Kxb3 {[%emt 0:00:05]} Bxa5 {[%emt 0:00:02]} 51. g4 {[%emt 0:00:12]} Ke6 {[%emt 0:00:23]} 52. Kc2 {[%emt 0:00:40]} Bd8 {[%emt 0:00:49]} 53. h5 {[%emt 0:00:05]} gxh5 {[%emt 0:00:03]} 54. gxh5 {[%emt 0:00:50]} Bg5 {[%emt 0:00:24]} 55. Kd1 {[%emt 0:00:33]} Kf5 {[%emt 0:00:15]} 56. Ke2 {[%emt 0:00:05]} Bf6 {[%emt 0:00:43]} 57. Nb4 {[%emt 0:00:17]} Ke6 {[%emt 0:01:28]} 58. Nd3 {[%emt 0:01:48]} Bc3 {[%emt 0:00:43]} 59. Nf4+ {[%emt 0:01:18]} Ke5 {[%emt 0:00:06]} 60. Nd3+ {[%emt 0:00:09]} Kf5 {[%emt 0:00:16]} 61. Nc5 {[%emt 0:00:34]} Bd4 {[%emt 0:00:56]} 62. Nd3 {[%emt 0:00:11]} Bc3 {[%emt 0:00:18]} 63. Nc5 {[%emt 0:00:06]} Bb4 {[%emt 0:00:08]} 64. Nd3 {[%emt 0:00:17]} Ba5 {[%emt 0:00:17]} 65. Ke3 {[%emt 0:00:16]} Bb6+ {[%emt 0:00:04]} 66. Ke2 {[%emt 0:00:08]} Kg5 {[%emt 0:00:17]} 67. Nb4 {[%emt 0:01:39]} d4 {[%emt 0:00:05]} 68. Nc2 {[%emt 0:00:15]} Kxh5 {[%emt 0:00:20]} 69. Nxd4 {[%emt 0:00:06]} Bxd4 {[%emt 0:00:35]} 70. Kf1 {[%emt 0:00:04]} Kg5 1/2-1/2

[Event "8th RTU Open 2018"]
[Site "Riga"]
[Date "2018.08.09"]
[Round "5"]
[White "Borisovsky, Dmitry"]
[Black "Duzhakov, Ilya"]
[Result "0-1"]
[WhiteElo "2297"]
[BlackElo "2441"]
[Annotator "TA"]
[PlyCount "66"]
[EventDate "2018.08.06"]
[EventType "swiss"]
[EventCountry "LAT"]
[SourceTitle "playchess.com"]
[Source "ChessBase"]
[SourceQuality "1"]

{[%evp 20,66,27,41,36,28,41,0,14,0,22,-58,-46,-100,0,-49,-22,-54,-40,-35,-30,-35,-42,-35,-38,-200,-93,-192,-201,-196,-197,-198,-197,-293,-256,-640,-496,-473,-466,-490,-489,-470,-467,-382,-319,-272,-268,-414,-408]} 1. e4 e5 2. Nf3 Nc6 3. Bc4 Nf6 4. Ng5 d5 5. exd5 Na5 6. Bb5+ c6 7. dxc6 bxc6 8. Qf3 Be7 {C58: Two Knights: 4 Ng5 d5 5 exd5 Na5 sidelines} 9. Bd3 O-O 10. Nc3 h6 11. Nge4 {LiveBook: 4 Games} Nxe4 12. Qxe4 {[%csl Gd3][%cal Re4h7]} f5 $1 {[%cal Rf5e4]} 13. Qxe5 {With the idea 0-0.} Bd6 $1 {[%cal Rd6e5]} 14. Qd4 $1 {[#]} Rb8 $146 {Threatens to win with ...Rb4.} ({Predecessor:} 14... Bb7 15. b4 c5 16. bxc5 {1-0 (46) Van Foreest,L (2481)-Amin,B (2693) Wijk aan Zee 2018}) 15. Bc4+ ({Not} 15. Qxa7 $2 Rf7 $19) ({White should play} 15. Be2 $11) 15... Kh8 $15 16. b3 (16. Be2 $15) 16... Rb7 (16... c5 $17 17. Qd3 Re8+ 18. Kf1 Nxc4 19. bxc4 Ba6) 17. Bb2 c5 18. Qd3 Nxc4 19. Qxc4 Rb4 20. Qf1 $1 Re8+ {[%mdl 1024] Black has compensation.} 21. Kd1 $1 Bf4 {[%csl Gf4][%cal Rd8d2]} 22. d3 $2 (22. Nb1 $1 $15) 22... Ba6 $36 {[%mdl 2048] Black is really pushing.} (22... c4 $1 $19 {is more deadly. ...Ba6 is the strong threat.} 23. g3 Bb7 24. gxf4 cxd3) 23. h4 (23. g3 $17 Be5 24. Na4) 23... Rd4 24. Rh3 {[#]} (24. g3 {gets mated.} Rxd3+ $1 {[%mdl 512]} 25. cxd3 Bxd3 26. Nd5 Qxd5 27. Bxg7+ Kxg7 28. gxf4 Bxf1+ 29. Kc1 Qxh1 30. Kd2 Re2+ 31. Kd1 Qe4 32. h5 Qc2#) 24... c4 $1 {[%cal Rc4d3]} 25. bxc4 Bxc4 26. a4 (26. Rb1 $142 Qa5 27. g3) 26... Qa5 27. Rf3 $2 (27. Re3 Bxe3 28. fxe3 Rxe3 29. Kc1) 27... Rb8 28. Rxf4 Rxf4 29. Nb5 Bxb5 30. axb5 Qxb5 31. Bc1 Ra4 32. Rxa4 Qxa4 33. g3 (33. h5 {might work better.}) 33... Re8 {Precision: White = 19%, Black = 88%.} 0-1

[Event "8th RTU Open 2018"]
[Site "Riga"]
[Date "2018.08.09"]
[Round "5"]
[White "Vaishali R"]
[Black "Korchmar, Vasiliy"]
[Result "1/2-1/2"]
[WhiteElo "2294"]
[BlackElo "2415"]
[Annotator "TA"]
[PlyCount "40"]
[EventDate "2018.08.06"]
[EventType "swiss"]
[EventCountry "LAT"]
[SourceTitle "playchess.com"]
[Source "ChessBase"]
[SourceQuality "1"]

{[%evp 23,40,26,33,0,8,6,6,4,6,9,6,8,422,282,789,341,343,345,339]} 1. e4 {Pavlovic,M} e5 2. Nf3 Nc6 3. Bb5 {[%cal Bf1b5,Bb5a4,Ba4b3,Bb3a2,Ba2d5][%mdl 32]} a6 4. Ba4 Nf6 5. O-O Be7 6. Re1 b5 7. Bb3 O-O 8. a4 Bb7 9. d3 d6 10. Nbd2 {[%cal Bb1d2,Bd2f1,Bf1e3][%mdl 32]} Na5 11. Ba2 c5 12. Nf1 bxa4 {LiveBook: 8 Games. C88: Closed Ruy Lopez: Anti-Marshall Systems} 13. c3 $146 ({Predecessor:} 13. Ne3 Bc8 14. Nh4 g6 15. Nf3 Bd7 16. Nd5 Nxd5 17. Bxd5 Rb8 18. Bh6 Re8 19. Qd2 Bc6 20. Bxc6 Nxc6 {1-0 (58) Giri,A (2776)-Tomashevsky,E (2749) Khanty-Mansiysk 2015 CBM 167 [Pavlovic,M]}) 13... Bc6 14. Ne3 Rb8 {The position is equal.} 15. Nd2 Nd7 16. Bd5 Bb5 $1 17. c4 Bxc4 $2 {[%mdl 8192] [#]} (17... Bc6 $11) 18. dxc4 Nc6 $2 (18... Nb6 19. Qc2 Qc7) 19. Rxa4 (19. Bxc6 $142 Bg5 20. Qxa4) 19... Nb4 $18 20. Ra3 Bg5 {[%mdl 32768] Precision: White = 48%, Black = 44%. . An unexpected result.} 1/2-1/2

[Event "8th RTU Open 2018"]
[Site "Riga"]
[Date "2018.08.09"]
[Round "5"]
[White "Meessen, Rudolf"]
[Black "Berzinsh, Roland"]
[Result "0-1"]
[WhiteElo "2281"]
[BlackElo "2408"]
[Annotator "NA"]
[PlyCount "58"]
[EventDate "2018.08.06"]
[EventType "swiss"]
[EventCountry "LAT"]
[SourceTitle "playchess.com"]
[Source "ChessBase"]
[SourceQuality "1"]
[TimeControl "5400+30"]

1. Nf3 {[%emt 0:05:56]} c5 {[%emt 0:00:43]} 2. e4 {[%emt 0:00:18]} b6 {[%emt 0:00:13]} 3. d4 {[%emt 0:01:46]} cxd4 {[%emt 0:00:37]} 4. Nxd4 {[%emt 0:00:25]} Bb7 {[%emt 0:00:07]} 5. Nc3 {[%emt 0:00:11]} a6 {[%emt 0:00:07]} 6. Bd3 {[%emt 0:11:20]} g6 {[%emt 0:01:16]} 7. Be3 {[%emt 0:02:21]} Bg7 {[%emt 0:00:09]} 8. Nd5 {[%emt 0:01:53]} e6 {[%emt 0:06:17]} 9. Nxe6 {[%emt 0:13:47]} (9. Nc3 $11) 9... dxe6 {[%emt 0:00:26]} 10. Bxb6 {[%emt 0:01:51]} Qd6 {[%emt 0:01:31]} 11. Nc7+ {[%emt 0:00:32] [#]} Ke7 $1 {[%emt 0:00:26]} 12. Nxa8 {[%emt 0:01:21]} Bxa8 {[%emt 0:00:49]} 13. Be3 {[%emt 0:02:09]} Bxb2 {[%emt 0:05:02]} 14. Rb1 {[%emt 0:10:59]} Bc3+ {[%emt 0:00:15]} 15. Ke2 {[%emt 0:01:50]} Nf6 {[%emt 0:05:52]} 16. f3 {[%emt 0:05:11]} Nbd7 {[%emt 0:04:17]} 17. Qg1 {[%emt 0:01:12]} Rc8 $17 {[%emt 0:01:39]} 18. Qf2 {[%emt 0:00:18]} Qa3 {[%emt 0:19:17]} 19. Rb3 {[%emt 0:01:55]} Qxa2 {[%emt 0:06:40]} 20. Rd1 {[%emt 0:00:07]} Qa5 {[%emt 0:10:27]} 21. Kf1 {[%emt 0:14:13]} Nc5 {[%emt 0:02:07]} 22. Rxc3 {[%emt 0:03:12]} Qxc3 {[%emt 0:00:07]} 23. Bd4 {[%emt 0:00:15]} Nxd3 {[%emt 0:02:26]} 24. cxd3 {[%emt 0:00:52]} Qc2 {[%emt 0:06:43]} 25. Qe1 {[%emt 0:00:12]} a5 {[%emt 0:01:11]} 26. Rd2 {[%emt 0:01:56]} Qc7 {[%emt 0:01:10]} 27. e5 {[%emt 0:01:23]} Nd5 {[%emt 0:01:02]} 28. Qh4+ {[%emt 0:00:49]} Kd7 {[%emt 0:00:06]} 29. Qxh7 {[%emt 0:00:30]} Qc1+ {[%emt 0:00:16] Ke1} 0-1

[Event "8th RTU Open 2018"]
[Site "Riga"]
[Date "2018.08.09"]
[Round "5"]
[White "Kuznecovs, Nikita"]
[Black "Bernotas, Arturs"]
[Result "0-1"]
[WhiteElo "2280"]
[BlackElo "2406"]
[Annotator "NA"]
[PlyCount "110"]
[EventDate "2018.08.06"]
[EventType "swiss"]
[EventCountry "LAT"]
[SourceTitle "playchess.com"]
[Source "ChessBase"]
[SourceQuality "1"]
[TimeControl "5400+30"]

1. d4 {[%emt 0:00:00]} Nf6 {[%emt 0:02:13]} 2. Nf3 {[%emt 0:00:30]} e6 {[%emt 0:00:37]} 3. Nbd2 {[%emt 0:02:17]} c5 {[%emt 0:02:38]} 4. e3 {[%emt 0:01:32]} b6 {[%emt 0:00:55]} 5. Bd3 {[%emt 0:00:26]} Bb7 {[%emt 0:00:45]} 6. O-O {[%emt 0:00:41]} Be7 {[%emt 0:00:26]} 7. b3 {[%emt 0:10:12]} O-O {[%emt 0:02:02]} 8. Bb2 {[%emt 0:00:07]} d6 {[%emt 0:04:54]} 9. Qe2 {[%emt 0:01:52]} a6 {[%emt 0:03:06] LiveBook: 4 Games} 10. Ng5 {[%emt 0:19:12]} h6 {[%emt 0:12:29]} 11. f4 {[%emt 0:00:06]} hxg5 {[%emt 0:17:13]} 12. fxg5 {[%emt 0:00:06]} Nh7 {[%emt 0:00:11]} ({Better is} 12... Ne8 $11 13. Qh5 g6) 13. g6 $15 {[%emt 0:23:11]} (13. d5 $11 Bxg5 14. dxe6 fxe6 15. Qh5) 13... fxg6 {[%emt 0:09:03]} 14. Qg4 {[%emt 0:07:17]} Rf5 {[%emt 0:05:04]} 15. e4 {[%emt 0:26:00]} Rxf1+ {[%emt 0:05:00]} 16. Rxf1 {[%emt 0:00:06]} Nf8 {[%emt 0:00:15]} 17. Rxf8+ {[%emt 0:02:12]} Qxf8 {[%emt 0:11:54]} 18. e5 {[%emt 0:00:11]} dxe5 {[%emt 0:01:39]} 19. dxe5 {[%emt 0:00:53]} c4 {[%emt 0:02:02]} 20. Bxg6 {[%emt 0:01:05]} Bc5+ {[%emt 0:08:13]} 21. Kh1 {[%emt 0:00:01]} Be3 {[%emt 0:02:04]} 22. Qxe6+ {[%emt 0:00:45]} Kh8 {[%emt 0:00:01]} 23. Ba3 {[%emt 0:00:51]} Qc8 {[%emt 0:01:59]} 24. Qd6 {[%emt 0:01:09]} Bxg2+ {[%emt 0:01:55]} 25. Kxg2 {[%emt 0:00:06]} Qg4+ {[%emt 0:00:07]} 26. Kf1 {[%emt 0:00:15]} Qd1+ {[%emt 0:00:10]} 27. Kg2 {[%emt 0:00:10]} Qxd2+ {[%emt 0:00:11]} 28. Qxd2 {[%emt 0:00:52]} Bxd2 {[%emt 0:00:03]} 29. e6 {[%emt 0:00:08]} Nc6 {[%emt 0:01:16]} 30. e7 {[%emt 0:00:01]} Nxe7 {[%emt 0:00:21]} 31. Bxe7 {[%emt 0:00:04]} Rc8 {[%emt 0:00:54]} 32. h4 {[%emt 0:00:50]} b5 {[%emt 0:01:24]} 33. h5 {[%emt 0:00:30]} cxb3 {[%emt 0:00:37]} 34. cxb3 {[%emt 0:01:12]} Rc1 {[%emt 0:00:21]} 35. a4 {[%emt 0:00:40]} bxa4 {[%emt 0:01:00]} 36. bxa4 {[%emt 0:00:01]} Ra1 {[%emt 0:00:06]} 37. Kf3 {[%emt 0:00:44]} Rxa4 {[%emt 0:00:09]} 38. Ke2 {[%emt 0:00:02]} Bb4 {[%emt 0:00:41]} 39. Bg5 {[%emt 0:00:03]} a5 {[%emt 0:00:16]} 40. Kd3 {[%emt 0:00:03]} Ra3+ {[%emt 0:00:12]} 41. Kc2 {[%emt 0:01:12]} Rg3 {[%emt 0:00:32]} 42. Bf4 {[%emt 0:00:49]} Rf3 {[%emt 0:00:28]} 43. Be5 {[%emt 0:00:10]} Rh3 {[%emt 0:00:23]} 44. Kb2 {[%emt 0:01:56]} a4 {[%emt 0:00:09]} 45. Ka2 {[%emt 0:00:10]} Re3 {[%emt 0:00:26]} 46. Bd4 {[%emt 0:00:53]} Re2+ {[%emt 0:00:09]} 47. Ka1 {[%emt 0:00:27]} Bd2 {[%emt 0:01:24]} 48. Bb2 {[%emt 0:00:28]} Bg5 {[%emt 0:00:16]} 49. Kb1 {[%emt 0:00:45]} Bf6 {[%emt 0:00:24]} 50. Ba3 {[%emt 0:00:19]} Re3 {[%emt 0:00:59]} 51. Bc1 {[%emt 0:00:47]} Rb3+ {[%emt 0:01:00]} 52. Ka2 {[%emt 0:00:50]} Rc3 {[%emt 0:00:32]} 53. Bd2 {[%emt 0:00:28]} Rh3 {[%emt 0:00:02]} 54. Bc1 {[%emt 0:00:09]} Rh1 {[%emt 0:00:09]} 55. Bh6 {[%emt 0:00:37]} Ra1# {[%emt 0:00:10]} 0-1

[Event "8th RTU Open 2018"]
[Site "Riga"]
[Date "2018.08.09"]
[Round "5"]
[White "Tanriverdi, Enes"]
[Black "Gokerkan, Cem Kaan"]
[Result "1/2-1/2"]
[WhiteElo "2276"]
[BlackElo "2404"]
[Annotator "NA"]
[PlyCount "101"]
[EventDate "2018.08.06"]
[EventType "swiss"]
[EventCountry "LAT"]
[SourceTitle "playchess.com"]
[Source "ChessBase"]
[SourceQuality "1"]
[TimeControl "5400+30"]

1. d4 {[%emt 0:00:00]} Nf6 {[%emt 0:00:00]} 2. c4 {[%emt 0:00:00]} e6 {[%emt 0:00:04]} 3. Nf3 {[%emt 0:00:00]} d5 {[%emt 0:00:13]} 4. Nc3 {[%emt 0:00:04]} a6 {[%emt 0:00:21]} 5. cxd5 {[%emt 0:00:52]} exd5 {[%emt 0:00:05]} 6. Bg5 {[%emt 0:00:05]} Be6 {[%emt 0:00:07]} 7. e3 {[%emt 0:00:09]} Nbd7 {[%emt 0:00:16]} 8. Bd3 {[%emt 0:00:25]} Bd6 {[%emt 0:00:26]} 9. Bf4 {[%emt 0:00:43]} Qe7 {[%emt 0:01:33]} 10. Bxd6 {[%emt 0:03:11]} Qxd6 {[%emt 0:00:25]} 11. Qc2 {[%emt 0:00:17]} h6 {[%emt 0:14:30]} 12. h3 {[%emt 0:02:10]} O-O {[%emt 0:02:01]} 13. O-O {[%emt 0:08:22]} Rfe8 {[%emt 0:05:45]} 14. Rfd1 {[%emt 0:10:01]} Rac8 {[%emt 0:13:46]} 15. Rac1 {[%emt 0:16:51]} c5 {[%emt 0:05:16]} 16. dxc5 {[%emt 0:01:05]} Nxc5 {[%emt 0:00:17]} 17. Nd4 {[%emt 0:04:33]} Qe5 $14 {[%emt 0:18:21]} 18. Nxe6 {[%emt 0:20:38]} fxe6 {[%emt 0:21:29]} 19. Ne2 {[%emt 0:09:08]} Nxd3 {[%emt 0:05:26]} 20. Qxd3 {[%emt 0:00:07]} Qxb2 {[%emt 0:08:40]} 21. Rb1 {[%emt 0:00:28]} Qxa2 {[%emt 0:03:39]} 22. Rxb7 {[%emt 0:00:18]} Qc4 {[%emt 0:10:36]} 23. Qg6 {[%emt 0:00:40]} Rc7 {[%emt 0:00:01]} 24. Rdb1 {[%emt 0:00:19]} Qc6 {[%emt 0:03:16]} 25. R7b6 {[%emt 0:03:54]} Qd7 {[%emt 0:00:12]} 26. Rxa6 {[%emt 0:01:08]} Qf7 {[%emt 0:00:03]} 27. Qxf7+ {[%emt 0:03:26]} Kxf7 {[%emt 0:00:03]} 28. Nd4 {[%emt 0:00:28]} Rd7 {[%emt 0:01:24]} 29. Rbb6 {[%emt 0:01:22]} e5 {[%emt 0:03:10]} 30. Nf5 {[%emt 0:00:04]} Ne4 {[%emt 0:00:53]} 31. f3 {[%emt 0:02:21]} Nc5 {[%emt 0:00:00]} 32. Ra5 {[%emt 0:00:32]} Re6 {[%emt 0:00:28]} 33. Rbb5 {[%emt 0:00:56]} Kf6 {[%emt 0:01:17]} 34. Ng3 {[%emt 0:03:40]} Nb7 {[%emt 0:00:35]} 35. Rxd5 {[%emt 0:00:08]} Nxa5 {[%emt 0:00:26]} 36. Rxd7 {[%emt 0:00:06]} Nc4 {[%emt 0:00:01]} 37. Nh5+ {[%emt 0:00:46]} Kg5 {[%emt 0:00:00]} 38. Nxg7 {[%emt 0:01:10]} Ra6 {[%emt 0:00:01]} 39. f4+ {[%emt 0:07:48]} Kg6 {[%emt 0:01:35]} 40. g4 {[%emt 0:01:52]} Nxe3 {[%emt 0:00:48]} 41. Nh5 {[%emt 0:00:33]} Nf5 {[%emt 0:00:34]} 42. gxf5+ {[%emt 0:01:33]} Kxh5 {[%emt 0:00:01]} 43. fxe5 {[%emt 0:00:06]} Ra5 {[%emt 0:00:43]} 44. e6 {[%emt 0:00:42]} Kg5 {[%emt 0:00:14]} 45. Rf7 {[%emt 0:00:26]} Kf4 {[%emt 0:00:26]} 46. e7 {[%emt 0:00:32]} Kf3 {[%emt 0:00:51]} 47. Rg7 {[%emt 0:00:57]} Ra1+ {[%emt 0:00:46]} 48. Kh2 {[%emt 0:00:05]} Ra2+ {[%emt 0:00:33]} 49. Kh1 {[%emt 0:00:02]} Re2 {[%emt 0:00:22]} 50. f6 {[%emt 0:00:10]} Re1+ {[%emt 0:00:30]} 51. Rg1 {[%emt 0:00:04]} 1/2-1/2

[Event "8th RTU Open 2018"]
[Site "Riga"]
[Date "2018.08.09"]
[Round "5"]
[White "Rogule, Laura"]
[Black "Lagunow, Raphael"]
[Result "1/2-1/2"]
[WhiteElo "2272"]
[BlackElo "2404"]
[Annotator "ChessBase"]
[PlyCount "27"]
[EventDate "2018.08.06"]
[EventType "swiss"]
[EventCountry "LAT"]
[SourceTitle "playchess.com"]
[Source "ChessBase"]
[SourceQuality "1"]
[TimeControl "5400+30"]

1. e4 {[%emt 0:03:18]} c5 {[%emt 0:02:05]} 2. Nf3 {[%emt 0:00:09]} Nc6 {[%emt 0:00:18]} 3. Bb5 {[%emt 0:00:11]} g6 {[%emt 0:00:40]} 4. Bxc6 {[%emt 0:00:21]} bxc6 {[%emt 0:00:07]} 5. O-O {[%emt 0:00:43]} Bg7 {[%emt 0:00:10]} 6. Re1 {[%emt 0:01:34]} Nh6 {[%emt 0:00:31]} 7. c3 {[%emt 0:00:45]} O-O {[%emt 0:00:11]} 8. d4 {[%emt 0:00:30]} cxd4 {[%emt 0:00:08]} 9. cxd4 {[%emt 0:00:10]} d5 {[%emt 0:00:08]} 10. e5 {[%emt 0:00:41]} f6 {[%emt 0:00:09]} 11. h3 {[%emt 0:02:34]} Nf7 {[%emt 0:06:21]} 12. e6 {[%emt 0:09:49]} Nd6 {[%emt 0:09:20]} 13. Nc3 {[%emt 0:13:57]} f5 {[%emt 0:23:34]} 14. Ne5 1/2-1/2

[Event "8th RTU Open 2018"]
[Site "Riga"]
[Date "2018.08.09"]
[Round "5"]
[White "Hjelmaas, Lars"]
[Black "Samolins, Vitalijs"]
[Result "1-0"]
[WhiteElo "2271"]
[BlackElo "2419"]
[Annotator "NA"]
[PlyCount "86"]
[EventDate "2018.08.06"]
[EventType "swiss"]
[EventCountry "LAT"]
[SourceTitle "playchess.com"]
[Source "ChessBase"]
[SourceQuality "1"]
[TimeControl "5400+30"]

1. d4 {[%emt 0:01:01]} Nf6 {[%emt 0:00:00]} 2. c4 {[%emt 0:00:10]} e6 {[%emt 0:00:00]} 3. g3 {[%emt 0:00:20]} d5 {[%emt 0:00:00]} 4. Nf3 {[%emt 0:00:12]} Be7 {[%emt 0:00:18]} 5. Bg2 {[%emt 0:00:06]} O-O {[%emt 0:00:18]} 6. O-O {[%emt 0:00:13]} dxc4 {[%emt 0:00:19] LiveBook: 7808 Games} 7. Na3 {[%emt 0:00:07]} b6 {[%emt 0:04:35] E05: Open Catalan: 5 Nf3 Be7} (7... Bxa3 $11 8. bxa3 Bd7 (8... Nbd7 9. a4 a5 10. Ba3 Re8 11. Rc1 Nb6 12. Ne5 Nfd5 13. e4 Nb4 14. Qh5 Qe7 15. Nxc4 Nxc4 16. Rxc4 {1-0 (28) Jones,G (2671)-Friedel,J (2524) Reykjavik 2017})) 8. Ne5 {[%emt 0:03:23]} Nd5 {[%emt 0:00:34]} 9. Naxc4 {[%emt 0:01:18]} Bb7 {[%emt 0:00:34]} 10. e4 $146 {[%emt 0:16:52]} ({Predecessor:} 10. Bd2 c5 11. dxc5 Bxc5 12. Nd3 Be7 13. Bb4 Nc6 14. Bxe7 Qxe7 15. Nce5 Nxe5 16. Nxe5 {½-½ (44) Zilberstein,V (2365)-Slavin,G Katowice 1990}) 10... Nf6 {[%emt 0:00:51]} 11. Qe2 {[%emt 0:01:59]} ({Besser ist} 11. Qc2 $16) 11... Nbd7 {[%emt 0:29:37]} 12. Rd1 {[%emt 0:05:56]} Nxe5 {[%emt 0:02:09]} 13. dxe5 {[%emt 0:01:56]} Nd7 {[%emt 0:00:07]} 14. Be3 {[%emt 0:03:25]} Qc8 {[%emt 0:03:39]} 15. Rac1 {[%emt 0:03:00]} Ba6 {[%emt 0:01:36]} 16. Qc2 {[%emt 0:14:17]} Rd8 {[%emt 0:03:45]} 17. f4 $11 {[%emt 0:04:43]} Qb7 {[%emt 0:05:38]} 18. a3 {[%emt 0:10:24]} Nf8 {[%emt 0:16:15]} 19. Nd6 {[%emt 0:06:11]} Bxd6 {[%emt 0:10:01]} 20. exd6 {[%emt 0:01:21]} cxd6 {[%emt 0:00:02]} 21. b4 {[%emt 0:03:39]} Rac8 {[%emt 0:01:35]} 22. Qb3 {[%emt 0:00:38]} Be2 {[%emt 0:01:22]} 23. Re1 {[%emt 0:02:30]} Qa6 {[%emt 0:01:44]} 24. a4 {[%emt 0:00:51]} Bc4 {[%emt 0:01:11]} 25. Qc2 {[%emt 0:03:38]} d5 {[%emt 0:01:27]} 26. b5 {[%emt 0:00:47]} Qb7 {[%emt 0:00:30]} 27. Qb2 {[%emt 0:00:50]} dxe4 {[%emt 0:01:31]} 28. Bd4 {[%emt 0:00:12]} f5 {[%emt 0:00:47]} 29. h4 {[%emt 0:01:54]} h5 {[%emt 0:01:41]} 30. Re3 {[%emt 0:01:28]} Qd7 {[%emt 0:01:44]} 31. Be5 {[%emt 0:01:25]} Bd3 {[%emt 0:01:05]} 32. Rd1 {[%emt 0:01:42]} Ng6 {[%emt 0:01:59]} 33. Bf3 {[%emt 0:04:33]} Nxe5 {[%emt 0:05:17]} 34. Qxe5 {[%emt 0:00:21]} Rc5 {[%emt 0:00:20]} 35. Qb2 {[%emt 0:03:00]} Rc2 {[%emt 0:01:40]} 36. Qe5 {[%emt 0:00:18]} Qd4 {[%emt 0:01:25]} 37. Qxd4 {[%emt 0:00:50]} Rxd4 {[%emt 0:00:01]} 38. Bxh5 {[%emt 0:00:26]} Rxa4 {[%emt 0:00:11]} 39. g4 {[%emt 0:01:10]} Rac4 {[%emt 0:02:05]} 40. gxf5 {[%emt 0:01:40]} exf5 {[%emt 0:00:01]} 41. Bg6 {[%emt 0:00:32]} Rc1 {[%emt 0:00:25]} 42. Ree1 {[%emt 0:00:52]} Rxd1 {[%emt 0:01:57]} 43. Rxd1 {[%emt 0:00:05]} Rb4 {[%emt 0:00:35]} 1-0